1735 1394 1553 1646 1212 1290 1311 1482 1394 1931 1270 1105 1829 1628 1682 1762 1029 1471 1272 1065 1734 1000 1250 1143 1363 1910 1527 1857 1356 1473 1873 1454 1390 1483 1040 1146 1906 1818 1629 1800 1034 1626 1725 1917 1967 1118 1624 1740 1496 1676 1772 1311 1970 1833 1090 1591 1342 1685 1699 1147 1991 1504 1839 1629 1467 1872 1127 1917 1312 1697 1382 1526 1504 1792 1813 1868 1205 1418 1615 1379 1351 1321 1434 1576 1987 1148 1560 1093 1886 1267 1824 1503 1507 1073 1968 1204 1703 1799 1762 BCNSPRNW ULIB Ver.6.0+V

เปลี่ยนเป็นภาษาไทย

Change to English
 แสดงรายละเอียดบรรณานุกรม
  กลับหน้าหลัก

Brief Record : Get Marc (ISO 2709) : E-mail record : QR code < ปิดหน้าต่าง
LEADER : 00000nam 2200000uu 4500
001    13399112689
003     ULIB
008    110220s2553||||th 000 0 tha d
099    วจ.W864^bว645ผ
100 0  วิภา ประสิทธิโชค
245 00 ผลของการอบรมเรื่อง ภาวะซึมเศร้า การฆ่าตัวตาย และแนวทางการดูแลผู้ป่วย ต่อความรู้ และความพึงพอใจของพยาบาลวิชาชีพ/^cวิภา ประสิทธิโชค
260    นครสวรรค์:^bวิทยาลัยพยาบาลบรมราชชนนี สวรรค์ประชารักษ์ นครสวรรค์,^c2553
300    57 หน้า
650  7 ภาวะซึมเศร้า^xวิจัย
650  7 การฆ่าตัวตาย^xวิจัย
710 2  กระทรวงสาธารณสุข.^bสถาบันพระบรมราชนก.^bวิทยาลัยพยาบาลบรมราชชนนี สวรรค์ประชารักษ์ นครสวรรค์.
945    ^p0^l0^i029290
995    ทศพร
999 ^a ใช้งานได้ทุกระบบ
รายการนี้ยังไม่มีแท็ก
คุณยังไม่ได้ล็อกอิน คุณสามารถมีกิจกรรมร่วมกับเว็บไซต์ได้ แต่ต้องล็อกอินก่อน ::
  ล็อกอิน

รายการสื่อสารสนเทศ

ลำดับที่ ประเภท เลขเรียก/บาร์โค้ด สถานที่ สถานะ
- ไม่พบข้อมูล -

รายการใกล้เคียง
    ผู้แต่ง [วิภา ประสิทธิโชค]

BibComment


ยังไม่เคยถูกคอมเมนท์

คอมเมนท์ทรัพยากรรายการนี้
  คอมเมนท์: ผลของการอบรมเรื่อ..


 Copyright 2026. Bcnsprnw @Library